Investovanie do kryptomien ako alternatívny spôsob investícií bakalárska práca

Na minha lista:
Detalhes bibliográficos
Autor principal: Maček, Radoslav
Autor Corporativo: Fakulta podnikového manažmentu EU. Katedra podnikových financií
Outros Autores: Badura, Peter, 1978-
Formato: Livro
Idioma:eslovaco
Publicado em: Bratislava 2023
Tags: Adicionar Tag
Sem tags, seja o primeiro a adicionar uma tag!

MARC

LEADER 00000nbm a2200000 4500
001 0293395
005 20240307090002.5
041 0 |a slo 
044 |a SK 
245 1 0 |a Investovanie do kryptomien ako alternatívny spôsob investícií  |b bakalárska práca  |c Radoslav Maček ; školiteľ: Peter Badura 
264 1 |a Bratislava  |c 2023 
300 |a 58 s. 
100 1 |a Maček, Radoslav 
700 1 |a Badura, Peter, 1978- 
710 2 |a Fakulta podnikového manažmentu EU. Katedra podnikových financií